00450 2200169 4500001002100000008004100021035002000062245005700082250001100139260004100150300001500191020001500206084001400221082000800235650002600243990001100269INLIS000000000001137 ind  a0010-0722000686 aPembelajaran Berwawasan KemasyarakatancIhat Hatimah aCet.16 aTangerangbUniversitas Terbukac2014 a458c21 cm a9790110340 a371 IHA p a371 aPengajaran Pendidikan aDI.086